000 00693nam a2200193Ia 4500
001 10183
003 GE_BSU
008 181216s||||||||xx |||||||||||||| ||und||
040 _cGE_BSU
100 _aრუსიძე,კაპიტონ
245 _aმოუსვენარი ადამიანები
245 _bრომანი
245 _cრედ:ალ.ჩავლეიშვილი;მხატვ:შ.ზამთარაძე.
260 _aბათუმი
260 _bსახელმწიფო გამ–ბა.
260 _c1960
653 _aმოუსვენარი ადამიანები:რომანი
942 _cBK
999 _c43452
_d43452